000 00885nam a2200241Ia 4500
003 OSt
005 20220923215704.0
006 a|||||r|||| 00| 0
007 ta
008 220922b |||||||| |||| 00| 0 hin d
024 _a180,858
037 _cTextual
040 _aARTS
_cARTS
_bhin
041 _2hin
_ahin
082 _aO152,1N08:g, L0
100 _aकौल; हरप्रसाद, गोपाल कृष्ण, संपा.
_9163904
245 0 _aदिनकर
_b सृष्टि और दृष्टि
246 _aDinakara: sṛuṣhṭi aur dṛuṣhṭi
260 _aगाजियाबाद
_b वातायन प्रकाशन
_c1970
300 _a320पृ.
_ccm.
942 _hO152,1N08:g, L0
_cTEXL
_2CC
999 _c334236
_d334236